000
00322nam a22001457a 4500
999
_c
54948
_d
54948
008
190927b ||||| |||| 00| 0 eng d
020
_a
9780071791991
041
_a
eng
080
_a
658.8
082
_a
658.8
100
_a
60
101
_a
SHIT
245
_a
Winning the Battle for Sales
_c
Golden,J
942
_2
udc
_c
BK